Statistiques concernant Les légendaires de sinnoh

Cliquez ici pour prendre le quiz!

Statistiques générales

  • Ce quiz a été pris 15 fois
  • Le résultat moyen est 10 sur 11

Statistiques - réponses

Nom % Correct
Palkia
100%
Dialga
100%
Giratina
100%
Cresselia
100%
Crefollet
92%
Crefadet
92%
Regigigas
92%
Crehelf
83%
Darkrai
83%
Shaymin
83%
Arceus
75%

Distribution des résultats

Percentile par nombre de réponses

% des personnes avec chaque résultat

Votre développement - résultats

Vous n’avez pas pris ce quiz